000 00644nam a2200193 4500
001 144468
003 ES-MaACL
005 20230906201026.0
007 t|
008 070214s1966 sp r ||||1| spa d
245 0 0 _aManual de la enfermera /
_cobra editada bajo la dirección de A. Sitges Creus ; con la colaboración de F. Bergadá Girona y A. Guarner Vila.
250 _a1ª ed.
260 _aBarcelona :
_bToray,
_c1966.
300 _aXXXII, 490 p. :
_bil. ;
_c24 cm.
700 1 _aBergadá Girona, F.
_927920
700 1 _aGuarner Vila, A.
_960342
700 1 _aSitges Creus, Antonio.
_9106701
852 _aES-MaACL
_jC-30242
_bR.60770
999 _c144468
_d144468